00447nam a2200133 a 4500008004100000020001500041050001700056100002200073245010100095260005900196300001900255650002600274650001300300130419s2004 ||||||||||||||||| || u a0130457965 aQA 303.2 Kos aKosmala, Witold A12aA Friendly introduction to analysis: single and multivariable. (2nd ed.)cby Witold A.J. Kasmala aUpper Saddle River, N.J.:bPearson/Prentice Hallc2004 axv,574p.: ill. aMATHEMATICAL ANALYSIS 0aCALCULUS